| 000 | 00905nas a2200289 4500 | ||
|---|---|---|---|
| 001 | BR2015005620 | ||
| 003 | BR-BrBNA | ||
| 005 | 20231205125841.0 | ||
| 007 | ta | ||
| 008 | 230509b bl.|||p| |||| 00| 00por d | ||
| 040 |
_aBR-BrBNA _bpor _cBiblioteca Nacional de Agricultura |
||
| 041 | _a(En) | ||
| 072 | _aL53; L20 | ||
| 100 | 1 | _aPetrocelli, H. | |
| 100 | 1 | _aBatista, C. | |
| 100 | 1 | _aGosálvez, J. | |
| 245 | 1 | _aSeasonal variation in sperm characteristics of boars in southern Uruguay | |
| 650 | _aJAVALI | ||
| 650 | _aSÊMEN | ||
| 650 | _aQUALIDADE | ||
| 650 | _aREPRODUÇÃO ANIMAL | ||
| 650 | _aCONDIÇÃO AMBIENTAL | ||
| 773 | 0 |
_tRevista Brasileira de Zootecnia (Brazil) _xISSN 1806-9290 _g(Jan 2015), v. 44(1) p. 1-7 _wBR2015005620 |
|
| 856 | 4 | 0 | _uttp://www.scielo.br/pdf/rbz/v44n1/1806-9290-rbz-44-01-00001.pdf |
| 909 |
_a202311 _bLúcia _c55 _dLúcia Elande |
||
| 942 |
_2AGRIS _n0 _cANA |
||
| 999 |
_c246506 _d246506 |
||